|
|
|
|
| LEADER |
02691nam a2200601 a 4500 |
| 001 |
nkc20152660149 |
| 003 |
CZ PrNK |
| 005 |
20190529161945.0 |
| 007 |
ta |
| 008 |
150122s2014 xr acehf 001 0 cze |
| 015 |
|
|
|a cnb002660149
|
| 020 |
|
|
|a 978-80-87151-33-4
|q (brož.)
|
| 035 |
|
|
|a (OCoLC)908821068
|
| 040 |
|
|
|a OLA001
|b cze
|d ABA001
|
| 041 |
1 |
|
|a cze
|a ger
|b ger
|h cze
|
| 043 |
|
|
|a e-xr---
|b e-xr-kr
|2 czenas
|
| 045 |
|
|
|a v-y-
|
| 072 |
|
7 |
|a 72
|x Architektura
|2 Konspekt
|9 21
|
| 080 |
|
|
|a 726.54:272
|2 MRF
|
| 080 |
|
|
|a 69:005.54
|2 MRF
|
| 080 |
|
|
|a 72/76.05
|2 MRF
|
| 080 |
|
|
|a (437.313)
|2 MRF
|
| 080 |
|
|
|a (048.8)
|2 MRF
|
| 100 |
1 |
|
|a Stráníková, Jana
|7 xx0060537
|4 aut
|
| 245 |
1 |
0 |
|a Kostel sv. Václava ve Veliši :
|b výstavba, vybavování a okolnosti vzniku (1747-1752) /
|c Jana Stráníková, Vladislava Říhová
|
| 246 |
0 |
|
|a Kostel sv. Václava ve Veliši - výstavba, vybavování a okolnosti vzniku (1747-1752)
|
| 250 |
|
|
|a Vyd. 1.
|
| 260 |
|
|
|a Pardubice :
|b Východočeské muzeum Pardubice,
|c 2014
|
| 300 |
|
|
|a 334 s. :
|b il., portréty, plány, faksim. ;
|c 23 cm
|
| 490 |
1 |
|
|a Východočeský sborník historický. Supplementum ;
|v sv. 9
|
| 500 |
|
|
|a Terminologický slovník
|
| 504 |
|
|
|a Obsahuje bibliografii, bibliografické odkazy a rejstříky
|
| 546 |
|
|
|a Část. německý text se souběžným českým překladem, německé resumé
|
| 610 |
2 |
7 |
|a Kostel sv. Václava (Veliš, Jičín, Česko)
|7 olak2015858459
|2 czenas
|
| 648 |
|
7 |
|a 18.-21. století
|7 ch757020
|2 czenas
|
| 650 |
0 |
7 |
|a katolické kostely
|7 ph114895
|z Česko
|y 18.-21. století
|2 czenas
|
| 650 |
0 |
7 |
|a realizace staveb
|7 ph203156
|z Česko
|y 18. století
|2 czenas
|
| 650 |
0 |
7 |
|a umělecká výzdoba
|7 ph136757
|z Česko
|y 18. století
|2 czenas
|
| 650 |
0 |
9 |
|a Catholic churches
|z Czechia
|y 18th-21st centuries
|2 eczenas
|
| 650 |
0 |
9 |
|a buildings practice
|z Czechia
|y 18th century
|2 eczenas
|
| 650 |
0 |
9 |
|a artistic decoration
|z Czechia
|y 18th century
|2 eczenas
|
| 651 |
|
7 |
|a Veliš (Jičín, Česko)
|7 ge289287
|2 czenas
|
| 651 |
|
9 |
|a Veliš (Jičín, Czechia)
|2 eczenas
|
| 655 |
|
7 |
|a monografie
|7 fd132842
|2 czenas
|
| 655 |
|
9 |
|a monographs
|2 eczenas
|
| 700 |
1 |
|
|a Říhová, Vladislava,
|d 1978-
|7 jo2006333732
|4 aut
|
| 830 |
|
0 |
|a Východočeský sborník historický.
|p Supplementum
|0 s
|
| 856 |
4 |
1 |
|u http://www.digitalniknihovna.cz/mzk/uuid/uuid:52ed4060-ffe6-11e6-8830-005056827e51
|y Digitalizovaný dokument
|x NDK
|
| 910 |
2 |
|
|a BOA001
|b 2-1341.541
|
| 990 |
|
|
|a BK
|
| 995 |
|
|
|a 01
|
| 996 |
6 |
|
|b 2610622403
|c 2-1341.541
|l MZK
|r Sklad / do 1 hodiny
|n 2
|p p.v.
|w 001489921
|u 000010
|a 1
|e BOA001
|j MZK50
|s P
|
| 996 |
7 |
|
|b 2610678460
|c 2-1341.541
|l MZK
|r Sklad / do 1 hodiny
|n 1
|p dar
|w 001489921
|u 000020
|a 1
|e BOA001
|j MZK50
|s A
|